000 00627nas a2200229 4500
001 BR1300028
003 BR-BrBNA
005 20231205081813.0
007 ta
008 230509b bl.|||p| |||| 00| 00por d
040 _aBR-BrBNA
_bpor
_cBiblioteca Nacional de Agricultura
041 _a(Pt)
072 _aH10
100 1 _aSequeira, E.
245 1 _aO petroleo como inseticida [pulgao, Brasil]
650 _aPETROLEO
650 _aINSETICIDA
650 _aPULGAO
773 0 _tCasa do Lavrador (Brazil)
_x
_g(Dec 1913), v. 2(12) p. 864-865
_wBR1300028
909 _a202311
_bLúcia
_c55
_dLúcia Elande
942 _2AGRIS
_n0
_cANA
999 _c86975
_d86975